Histoires / (Record no. 79742)

MARC details
000 -LEADER
campo de control de longitud fija 00877nam a2200229 i 4500
001 - NÚMERO DE CONTROL
campo de control 79742
003 - IDENTIFICADOR DE NÚMERO DE CONTROL
campo de control ES-MaACL
005 - FECHA Y HORA DE LA ÚLTIMA TRANSACCIÓN
campo de control 20250803050540.0
007 - CAMPO FIJO DE DESCRIPCIÓN FÍSICA--INFORMACIÓN GENERAL
campo de control de longitud fija t|
008 - DATOS DE LONGITUD FIJA--INFORMACIÓN GENERAL
campo de control de longitud fija 041022s1932 fr ||||1| fre d
100 1# - ENTRADA PRINCIPAL--NOMBRE DE PERSONA
Nombre de persona Herodoto.
9 (RLIN) 63126
245 10 - MENCIÓN DEL TÍTULO
Título Histoires /
Mención de responsabilidad, etc. Herodote ; [texte établi et traduit par Ph.E. Legrand].
260 ## - PUBLICACIÓN, DISTRIBUCIÓN, ETC.
Lugar de publicación, distribución, etc. Paris :
Nombre del editor, distribuidor, etc. Societé d'Edition "Les Belles Lettres",
Fecha de publicación, distribución, etc. 1932 (
Lugar de fabricación/manufactura Chartres :
Fabricante Durand)
300 ## - DESCRIPCIÓN FÍSICA
Extensión 2 v. ;
Dimensiones 20 cm.
490 1# - MENCIÓN DE SERIE
Mención de serie Collection des Universités de France
505 8# - NOTA DE CONTENIDO CON FORMATO
Nota de contenido con formato Contiene: V.I: Introduction : notice préliminaire sur la vie et la personalité d'Hérodote et sur la présente édition. -- V.II: Histoires. Livre I
650 07 - PUNTO DE ACCESO ADICIONAL DE MATERIA--TÉRMINO DE MATERIA
Término de materia o nombre geográfico como elemento de entrada Historia antigua
Fuente del encabezamiento o término embne
9 (RLIN) 13385
700 1# - ENTRADA AGREGADA--NOMBRE PERSONAL
Nombre de persona Legrand, Ph. E.
9 (RLIN) 71299
830 0# - PUNTO DE ACCESO ADICIONAL DE SERIE-TÍTULO UNIFORME
Título uniforme Collection des Universités de France
9 (RLIN) 180876
852 ## - LOCALIZACIÓN
Ubicación ES-MaACL
Número de control de estantería E-3229-30
Holdings
Estatus retirado Estado de pérdida Estado de daño No para préstamo Biblioteca de origen Biblioteca actual Ubicación en estantería Fecha de adquisición Fuente de adquisición Total de préstamos Signatura topográfica completa Código de barras Visto por última vez Precio de reemplazo Tipo de ítem Koha
        Biblioteca del Ateneo de Madrid Biblioteca del Ateneo de Madrid Depósito 2 17/01/2008     E-3229-30 1083382 23/02/2023 23/02/2023 Libro impreso